000 01282cam a2200253 4500
001 X113145
008 000000n2001 000 0 eng u
035 _a(Sirsi) u113145
100 _aOsbourne, H.
245 _aSell the region before the product
260 _c2001
490 _aEstates Gazette
_v(0122) 2 June 2001, 136-137(2)
520 _aInvestigates the role played by Marketing Manchester, a public-private organisation made up of fee-paying members including surveyors and the Chamber of Commerce, in attracting investment into the Manchester. Agents partnering with the organisation claim that by promoting the city Marketing Manchester makes it easier for them to attract buyers and tenants. An added benefit is the chance to interact with MIDAS, the Manchester Investment and Development Agency Service, another partner seeking to introduce overseas companies to Manchester and act as a go-between for developers and authorities.
650 _aCOMMERCIAL SECTOR
650 _aINWARD INVESTMENT
650 _aMANCHESTER
650 _aMANCHESTER INVESTMENT AND DEVELOPMENT AGENCY SERVICE
650 _aMARKETING
650 _aMARKETING MANCHESTER
650 _aMIDAS
650 _aPARTNERSHIPS
690 _aMANAGEMENT-BUSINESS MANAGEMENT
942 _n0
999 _c67368
_d67368